Statistics for History Picture Puzzle Game #1

Click here to take the quiz!

General Stats

  • This quiz has been taken 2,385 times
    (2,345 since last reset)
  • The average score is 11 of 17

Answer Stats

HintAnswer% Correct
HTML tutorial Lover or Caesar and Mark AntonyCleopatra
88%
HTML tutorial What does N stand for in NATONorth
85%
HTML tutorial Year of signing of US Declaration of Independence1776
83%
HTML tutorial Heroine of France, nicknamed "The Maid of Orléans"Joan of Arc
83%
HTML tutorial He had united nomadic tribes of Northeast Asia and started the Mongol invasionGenghis Khan
79%
HTML tutorial Lancaster and York, Wars of the _____Roses
78%
HTML tutorial Capital city of Byzantine EmpireConstantinople
74%
HTML tutorial An ancient network of trade routes connecting the East Asia and the Mediterranean SeaSilk Road
73%
HTML tutorial Hometown of Leonidas and the 300Sparta
72%
Winston Churchill
69%
HTML tutorial Common title of the Kings of Ancient EgyptPharaoh
67%
HTML tutorial Medieval warriors from Northern EuropeVikings
66%
HTML tutorial Commander of the Confederate Army of Northern Virginia in the American Civil WarRobert E. Lee
65%
HTML tutorial Teacher of Alexander the GreatAristotle
64%
HTML tutorial The prosecution of prominent members of leadership of Nazi GermanyNuremberg
44%
HTML tutorial Capital of the Incan EmpireCusco
27%
HTML tutorial _______ ante portas (Punic Wars)Hannibal
14%

Score Distribution

Percentile by Number Answered

Percent of People with Each Score

Your Score History

You have not taken this quiz since the last reset